Dog Man : (Record no. 50396)
| 000 -LEADER | |
|---|---|
| fixed length control field | 00768nam a2200169 4500 |
| 020 ## - INTERNATIONAL STANDARD BOOK NUMBER | |
| International Standard Book Number | 9781546176183 |
| Qualifying information | hardcover |
| 100 ## - MAIN ENTRY--PERSONAL NAME | |
| Personal name | Pilkey, Dav, |
| Relator term | author. |
| 9 (RLIN) | 56311 |
| 245 10 - TITLE STATEMENT | |
| Title | Dog Man : |
| Remainder of title | Big Jim believes / |
| Statement of responsibility, etc | Dav Pilkey, Dav Pilkey. |
| 260 ## - PUBLICATION, DISTRIBUTION, ETC. (IMPRINT) | |
| Name of publisher, distributor, etc | Graphix: |
| Date of publication, distribution, etc | November 11, 2025. |
| 300 ## - PHYSICAL DESCRIPTION | |
| Extent | 224 pages. |
| Dimensions | 5.6 x 0.8 x 8.4 inches. |
| 490 ## - SERIES STATEMENT | |
| Series statement | Dog man : |
| Volume number/sequential designation | 14 |
| 520 ## - SUMMARY, ETC. | |
| Summary, etc | "Old memories resurface and new horrors arise for our heroes, Commander Cupcake and Sprinkles, as they join forces with Dog Man to save the city from aliens!"-- Provided by publisher. |
| 521 ## - TARGET AUDIENCE NOTE | |
| Target audience note | Ages 7 and up |
| Source | Graphix, an imprint of Scholastic |
| 521 ## - TARGET AUDIENCE NOTE | |
| Target audience note | Grades 2-3 |
| Source | Graphix, an imprint of Scholastic |
| 942 ## - ADDED ENTRY ELEMENTS (KOHA) | |
| Source of classification or shelving scheme | |
| Koha item type | Book |
| Withdrawn status | Lost status | Source of classification or shelving scheme | Damaged status | Not for loan | Home library | Current library | Date acquired | Total Checkouts | Full call number | Barcode | Date last seen | Price effective from | Koha item type |
|---|---|---|---|---|---|---|---|---|---|---|---|---|---|
| Logos International School | Logos International School | 04/20/2026 | J GRAPHIX PIL | 040941 | 04/27/2026 | 04/20/2026 | Book |